Norman Manley International Airport Destinations (Kingston, Jamaica) - Statistics

General Stats
  • This quiz has been taken 46 times
    26 since last reset
  • The average score is 14 of 19
Answer Stats
Airline Destination % Correct
Delta Air Lines Atlanta
95%
Caribbean Airlines/Delta Air Lines/JetBlue New York (JFK)
95%
Air Canada Rouge/Caribbean Airlines/Flair Airlines/WestJet Toronto (Pearson)
95%
British Airways London (Gatwick)
90%
American Airlines Miami
90%
Copa Airlines Panama City (Tocumen)
80%
Caribbean Airlines Antigua
75%
Caribbean Airlines Nassau
75%
Caribbean Airlines Port of Spain
75%
Arajet/Sky High Santo Domingo (Las Américas)
75%
Caribbean Airlines/InterCaribbean Airways Barbados
70%
Cayman Airways Grand Cayman
70%
InterCaribbean Airways/Liat20 Montego Bay
70%
InterCaribbean Airways Havana
60%
JetBlue/Spirit Airlines Fort Lauderdale
55%
Caicos Express Airways/InterCaribbean Airways Providenciales
55%
Arajet Punta Cana
55%
Caribbean Airlines St. Maarten
40%
InterCaribbean Airways Santiago de Cuba
35%
No matching quizzes found
Score Distribution
Percent of People with Each Score
Percentile by Number Answered
Your Score History
You have not taken this quiz since the last reset